[Event "ch-LTU"]
[Site "Vilnius LTU"]
[Date "2000.03.27"]
[Round "3"]
[White "Malisauskas,V"]
[Black "Asauskas,H"]
[Result "1/2-1/2"]
[WhiteElo "2525"]
[BlackElo "2263"]

1.Nf3 Nf6 2.c4 g6 3.d4 Bg7 4.Nc3 O-O 5.e4 d6 6.Be2 e5 7.O-O Na6 8.Rb1 c6
9.b4 exd4 10.Nxd4 Re8 11.b5 cxb5 12.Ndxb5 Nxe4 13.Nxe4 Rxe4 14.Bf3 Rxc4 15.Bd5 Rb4
16.Bxf7+ Kxf7 17.Nxd6+ Qxd6 18.Qxd6 Rxb1 19.Re1 Bf6 20.Qd5+ Kg7 21.Bh6+ Kxh6
22.Rxb1 Bf5 23.Re1 Rd8 24.Qxb7 Nc5 25.Qc6 Bd4 26.h3 Nd3 27.Rf1 Bb6 28.Qf3 Rd4
29.g3 Bxh3 30.Qh1 Nxf2 31.Kxf2 Rh4+ 32.Ke1 Ba5+  1/2-1/2

[Event "AB Puchko Mem"]
[Site "Alushta UKR"]
[Date "2000.03.28"]
[Round "10"]
[White "Mchedlishvili,M"]
[Black "Kovalev,A"]
[Result "1/2-1/2"]
[WhiteElo "2436"]
[BlackElo "2490"]

1.d4 Nf6 2.Nf3 g6 3.c4 Bg7 4.Nc3 O-O 5.e4 d6 6.Be2 e5 7.Be3 Ng4 8.Bg5 f6
9.Bh4 Nc6 10.d5 Ne7 11.Nd2 h5 12.O-O c5 13.dxc6 bxc6 14.b4 Be6 15.h3 Nh6
16.Nb3 g5 17.Bg3 f5 18.exf5 Nexf5 19.Ne4 g4 20.hxg4 Nxg3 21.Nxg3 Nxg4 22.Bxg4 hxg4
23.Qd3 Rf6 24.Rfd1 Bf7 25.Nc5 d5 26.Qe2 Rf4 27.cxd5 cxd5 28.Nd3 Qg5 29.Nxf4 exf4
30.Nf1 Re8 31.Qd2 Re6 32.Rac1 Rh6 33.Rc8+ Bf8 34.Ng3 Qf6 35.Qd4 fxg3 36.fxg3 Qxd4+
37.Rxd4 Be6 38.Ra8 Rf6 39.Rf4 Bf5 40.Rd8 Kf7 41.Rxd5 Kg6 42.Kh2 Bh6 43.Rf1 Be3
44.Re1 Bb6 45.Re7 Be6 46.Rd2 Bf7 47.Re4 Be6 48.Rd6 Kf7 49.Rf4 Ke7 50.Rxf6 Kxd6
51.a4 Ke5 52.Rf8 Bd7 53.b5 Be6 54.Rf4 Ba5 55.Rf8 Kd6 56.Rf6 Bc3 57.Rh6 Kd5
58.Rh7 Bd4 59.a5 Kd6 60.b6 axb6 61.axb6 Bxb6 62.Rb7 Bc5 63.Rb1 Bf5 64.Ra1 Ke5
65.Ra5 Kd5 66.Ra8  1/2-1/2

[Event "21st Open A"]
[Site "Bled SLO"]
[Date "2000.03.28"]
[Round "4"]
[White "Caoili,A"]
[Black "Podkriznik,G"]
[Result "0-1"]
[WhiteElo "2078"]
[BlackElo "2331"]

1.Nf3 Nf6 2.c4 g6 3.Nc3 Bg7 4.e4 d6 5.d4 O-O 6.Be2 e5 7.Be3 Nbd7 8.d5 Nc5
9.Nd2 a5 10.a3 Nfd7 11.b4 axb4 12.axb4 Rxa1 13.Qxa1 Na6 14.Qb2 f5 15.O-O f4
16.Ba7 Rf6 17.Ra1 Bf8 18.Qb3 Kh8 19.Qa3 g5 20.Bg4 Qe8 21.f3 h5 22.Bf5 Be7
23.Bf2 Rf8 24.Nb5 Ndb8 25.Bxc8 Qxc8 26.c5 Qd7 27.Nc3 Qe8 28.Nc4 g4 29.cxd6 cxd6
30.b5 Nc7 31.b6 Nca6 32.Qa4 Qg6 33.Qd1 Rc8 34.Ra4 Nd7 35.Kh1 g3 36.hxg3 fxg3
37.Be1 Ndc5 38.Ra1 Qg5 39.Kg1 Qh4 40.Ne3 Qh2+ 41.Kf1 Bg5 42.Bd2 Rf8 43.Ke2 Bxe3
44.Kxe3 Qxg2 45.Qf1 Qh2 46.Qg1 Nb4 47.Qxh2 Nc2+ 48.Ke2 Nd4+  0-1

[Event "55th ch-YUG"]
[Site "Subotica YUG"]
[Date "2000.03.28"]
[Round "11"]
[White "Tosic,M"]
[Black "Damljanovic,B"]
[Result "1-0"]
[WhiteElo "2503"]
[BlackElo "2534"]

1.d4 Nf6 2.c4 g6 3.Nc3 Bg7 4.e4 d6 5.Nf3 O-O 6.Be2 e5 7.O-O Na6 8.d5 Nc5
9.Qc2 a5 10.Ne1 Nfd7 11.Nd3 f5 12.exf5 gxf5 13.f4 Nxd3 14.Bxd3 e4 15.Be2 Nc5
16.Be3 Bd7 17.Rad1 Kh8 18.g3 Qe7 19.Rf2 Rg8 20.Rg2 a4 21.Rd2 a3 22.b3 Na6
23.Rd1 Nb4 24.Qd2 c5 25.dxc6 bxc6 26.Bd4 c5 27.Bxg7+ Qxg7 28.Nd5 Nc6 29.Ne3 Qd4
30.Bh5 Qxd2 31.Rgxd2 Nd4 32.Nc2 e3 33.Rxd4 cxd4 34.Rxd4 Bc6 35.Nxe3 Be4 36.Kf2 Rgb8
37.Bf3 d5 38.cxd5 Bb1 39.d6 Ra7 40.Rd2 Kg7 41.d7 Rd8 42.Bc6 Rc7 43.Ba4 Rc3
44.Nc4 Be4 45.Nxa3 h5 46.Nb5 Rc1 47.Nd6 h4 48.Nxe4 fxe4 49.Re2  1-0

[Event "55th ch-YUG"]
[Site "Subotica YUG"]
[Date "2000.03.30"]
[Round "12"]
[White "Antic,D"]
[Black "Markovic,Miros"]
[Result "1/2-1/2"]
[WhiteElo "2491"]
[BlackElo "2586"]

1.d4 Nf6 2.Nf3 g6 3.c4 Bg7 4.Nc3 O-O 5.e4 d6 6.Be2 e5 7.O-O Na6 8.Be3 Ng4
9.Bg5 Qe8 10.dxe5 dxe5 11.h3 h6 12.Bd2 Nf6 13.Be3 b6 14.Nd2 Nd7 15.Nb3 Bb7
16.c5 c6 17.cxb6 axb6 18.Qd2 Kh7 19.Rad1 Nab8 20.a4 Qe6 21.Qc2 h5 22.Nd2 Ba6
23.b4 Rc8 24.b5 Bb7 25.Bc4 Qe7 26.Qb3 f6 27.bxc6 Nxc6 28.Nd5 Qe8 29.Bb5 Na5
30.Qd3 Bc6 31.Rc1 Qe6 32.Nb3 f5 33.Nxa5 Bxb5 34.Qxb5 Rxc1 35.Rxc1 Rxa5 36.Qc6 Qxc6
37.Rxc6 fxe4 38.Nc3 Nc5 39.Bxc5 bxc5 40.Kf1 e3 41.fxe3 e4 42.Nxe4 Rxa4 43.Ng5+ Kh6
44.Nf7+ Kh7 45.Rxc5 Ra2 46.Ng5+ Kh6 47.Nf3 Bf6 48.Rd5 g5 49.e4 g4 50.hxg4 hxg4
51.Nh2 Ra1+ 52.Kf2 Bh4+ 53.Ke2 Ra2+ 54.Rd2 Rxd2+ 55.Kxd2 Kg5 56.Ke3 Bg3 57.Nf1 Bc7
58.Kd4 Kf4 59.Kd5 g3 60.Kd4 Bb6+ 61.Kd3 Bf2 62.Nd2 Ke5 63.Nf3+ Kf4 64.Nd4 Ke5
65.Ne2 Kf6 66.Nf4 Ke5 67.Nh5 Bb6 68.Nxg3 Kf4 69.Ne2+ Ke5 70.Nc3 Ba7 71.Nd5 Bc5
72.g4 Ba7 73.g5 Bc5 74.g6 Bf8 75.Ke3 Bh6+ 76.Kf3 Bg7 77.Nf4 Kf6 78.Kg3 Kg5  1/2-1/2

[Event "ch-LTU"]
[Site "Vilnius LTU"]
[Date "2000.03.30"]
[Round "6"]
[White "Sulskis,G"]
[Black "Jatautis,D"]
[Result "1-0"]
[WhiteElo "2223"]
[BlackElo "2155"]

1.Nf3 Nf6 2.c4 g6 3.Nc3 Bg7 4.e4 d6 5.d4 O-O 6.Be2 e5 7.dxe5 dxe5 8.Qxd8 Rxd8
9.Bg5 Re8 10.Nd5 Nxd5 11.cxd5 c6 12.Bc4 b5 13.Bb3 Bb7 14.O-O-O Nd7 15.d6 a5
16.a3 Bf8 17.Be3 h6 18.h4 Rad8 19.g4 Nf6 20.g5 Nxe4 21.d7 Re7 22.Bb6 Rdxd7
23.Rxd7 Rxd7 24.Nxe5 Re7 25.Nxg6 Re8 26.Nxf8 Rxf8 27.g6 c5 28.Bxf7+ Kg7 29.Bxa5 b4
30.Bc7 Kf6 31.Rg1  1-0

[Event "21st Open A"]
[Site "Bled SLO"]
[Date "2000.03.31"]
[Round "7"]
[White "Tratar,M"]
[Black "Jurkovic,A"]
[Result "0-1"]
[WhiteElo "2439"]
[BlackElo "2326"]

1.Nf3 g6 2.d4 Bg7 3.c4 d6 4.Nc3 Nf6 5.e4 O-O 6.Be2 e5 7.O-O Na6 8.Bg5 Qe8
9.Bxf6 Bxf6 10.c5 Bg4 11.Bxa6 bxa6 12.Nd5 Qd8 13.h3 Bxf3 14.Qxf3 Bg7 15.dxe5 Bxe5
16.cxd6 cxd6 17.Qa3 Rc8 18.Qxa6 Rc2 19.Qxa7 Qh4 20.Qe7 f6 21.Qe6+ Kg7 22.Rac1 Qxe4
23.Kh1 Rf7 24.Rce1 Rxf2 25.Rg1 Rxg2  0-1

[Event "Israeli League"]
[Site "Ramat Aviv ISR"]
[Date "2000.03.31"]
[Round "8"]
[White "Gershon,A"]
[Black "Mittelman,G"]
[Result "1-0"]
[WhiteElo "2471"]
[BlackElo "2443"]

1.d4 Nf6 2.c4 g6 3.Nc3 Bg7 4.e4 d6 5.Nf3 O-O 6.Be2 e5 7.Be3 Na6 8.O-O Ng4
9.Bg5 Qe8 10.dxe5 dxe5 11.h3 h6 12.Bd2 Nf6 13.Be3 Qe7 14.Nd5 Qd8 15.Nd2 Nd7
16.a3 c6 17.Nc3 Nac5 18.b4 Ne6 19.c5 Qe7 20.Nc4 Nd4 21.Bd3 b6 22.cxb6 axb6
23.Rb1 Ba6 24.a4 Qe6 25.b5 cxb5 26.axb5 Bb7 27.Nd2 Rac8 28.Rc1 Rfd8 29.Bb1 Nf6
30.Kh2 Qe7 31.Na4 Nxb5 32.Nxb6 Rxc1 33.Qxc1 Nd4 34.Qc4 Rb8 35.Rc1 Nxe4 36.Bxe4 Bxe4
37.Nc8 Qb7 38.Nxe4 Qxe4 39.Nd6 Nf3+ 40.gxf3 Qxf3 41.Rg1 Qf6 42.Ne4 Qf5 43.Nd6 Qf6
44.Qc7 Rb2 45.Qc8+ Kh7 46.Ne8 Qh4 47.Rg4 Rxf2+ 48.Bxf2 Qxf2+ 49.Rg2 Qf4+
50.Kg1 e4 51.Nxg7 Kxg7 52.Qc3+ f6 53.Rb2 g5 54.Rf2 Qd6 55.Qe3 Qe5 56.Kg2 Kg6
57.Rc2 Qd5 58.Rd2 Qe5 59.Rd4 f5 60.Rb4 Qd5 61.Rb6+ Kf7 62.Ra6 f4 63.Qa7+ Ke8
64.Qb8+ Kd7 65.Ra7+ Ke6 66.Qe8+ Kf6 67.Ra6+  1-0

[Event "ch-LTU"]
[Site "Vilnius LTU"]
[Date "2000.03.31"]
[Round "7"]
[White "Bilinskas,R"]
[Black "Asauskas,H"]
[Result "1-0"]
[WhiteElo "2311"]
[BlackElo "2263"]

1.Nf3 Nf6 2.c4 g6 3.Nc3 Bg7 4.e4 d6 5.d4 O-O 6.Be2 e5 7.O-O Na6 8.Be3 Ng4
9.Bg5 Qe8 10.dxe5 h6 11.Bc1 Nxe5 12.Nd4 c6 13.Nb3 Be6 14.f4 Bxc4 15.fxe5 Bxe2
16.Qxe2 Qxe5 17.Bf4 Qe7 18.Qd2  1-0

[Event "21st Open A"]
[Site "Bled SLO"]
[Date "2000.04.01"]
[Round "8"]
[White "Loncar,R"]
[Black "Fercec,N"]
[Result "0-1"]
[WhiteElo "2406"]
[BlackElo "2464"]

1.Nf3 Nf6 2.c4 g6 3.Nc3 Bg7 4.e4 d6 5.d4 O-O 6.Be2 e5 7.d5 a5 8.Bg5 h6 9.Bh4 Na6
10.Nd2 Qe8 11.O-O Bd7 12.Nb5 Nh7 13.a3 h5 14.f3 Bf6 15.Bxf6 Nxf6 16.Qc2 Qe7
17.Rab1 h4 18.f4 h3 19.g3 Rae8 20.Nc3 exf4 21.Rxf4 g5 22.Rf2 Nc5 23.Bf3 a4
24.Re1 Qe5 25.Bd1 Ng4 26.Bxg4 Bxg4 27.Nxa4 Nxa4 28.Qxa4 Qxb2 29.e5 Rxe5 30.Ne4 Rxe4
31.Rxb2 Rxe1+ 32.Kf2 Rfe8 33.c5 R8e4 34.Qa8+ Kg7 35.Qd8 Re5 36.cxd6 R1e4
37.Kf1 Re1+ 38.Kf2 R1e4 39.Kf1 Re1+ 40.Kf2 Rh1 41.Qxc7 Rxh2+ 42.Kf1 Rxb2
43.Qc3 Rb1+ 44.Kf2 f6 45.Qc7+ Kh6 46.Qc2 Rbe1  0-1

[Event "21st Open A"]
[Site "Bled SLO"]
[Date "2000.04.02"]
[Round "9"]
[White "Wiley,To"]
[Black "Hanko,P"]
[Result "1-0"]
[WhiteElo "2294"]
[BlackElo "2263"]

1.d4 Nf6 2.c4 g6 3.Nc3 Bg7 4.e4 d6 5.Nf3 O-O 6.Be2 e5 7.O-O Nbd7 8.Be3 Ng4
9.Bg5 f6 10.Bc1 c6 11.d5 c5 12.Ne1 Nh6 13.Nd3 Nf7 14.Bg4 Nb6 15.Bxc8 Rxc8
16.b3 f5 17.f3 Bh6 18.Bxh6 Nxh6 19.Qd2 Nf7 20.f4 Qd7 21.Rae1 Rce8 22.exf5 gxf5
23.fxe5 Nxe5 24.Nf4 Rf6 25.Ne6 Qf7 26.Nb5 Nc8 27.Nxd6 Nxd6 28.Rxe5 Qg6 29.Nf4 Qf7
30.Rxe8+ Qxe8 31.Ne6 b6 32.Qf4 Qe7 33.Kh1 Rg6 34.h3 h6 35.Re1 Ne4 36.Kh2 Qd6
37.Rxe4  1-0

[Event "Frisco Masters"]
[Site "San Francisco USA"]
[Date "2000.04.02"]
[Round "5"]
[White "Ehlvest,J"]
[Black "Rey,G"]
[Result "1-0"]
[WhiteElo "2622"]
[BlackElo "2359"]

1.Nf3 Nf6 2.c4 g6 3.Nc3 Bg7 4.d4 O-O 5.e4 d6 6.Be2 e5 7.Be3 Ng4 8.Bg5 f6
9.Bh4 Nc6 10.d5 Ne7 11.Nd2 Nh6 12.O-O g5 13.Bg3 Ng6 14.Rc1 Nf4 15.b4 f5 16.exf5 Nxf5
17.Bg4 a5 18.a3 axb4 19.axb4 Nd4 20.Bxc8 Qxc8 21.Nb3 Nxb3 22.Qxb3 e4 23.Bxf4 Rxf4
24.Ne2 Rf7 25.Ng3 Qg4 26.Rce1 Rf4 27.h3 Qh4 28.Nxe4 Be5 29.Qd3 Re8 30.g3 Qxh3
31.Nxg5 Qg4 32.Qxh7+ Kf8 33.Qh6+ Ke7 34.Qg7+ Kd8 35.Ne6+ Rxe6 36.Qxg4 Rxg4
37.dxe6 Rxc4 38.f4 Bd4+ 39.Kg2 Rxb4 40.Rh1 c5 41.e7+ Ke8 42.Rh6  1-0

[Event "55th ch-YUG"]
[Site "Subotica YUG"]
[Date "2000.04.02"]
[Round "15"]
[White "Ivanisevic,I"]
[Black "Sedlak,N"]
[Result "1/2-1/2"]
[WhiteElo "2460"]
[BlackElo "2323"]

1.d4 Nf6 2.c4 g6 3.Nc3 Bg7 4.e4 d6 5.Nf3 O-O 6.Be2 e5 7.O-O Nbd7 8.Re1 c6
9.Bf1 a5 10.dxe5 dxe5 11.Na4 Qe7 12.Qc2 b6 13.Be3 Rb8 14.Rad1 Ba6 15.h3 Rfc8
16.b3 b5 17.c5 Bb7 18.Nb2 Bf8 19.Rc1 Ne8 20.a3 Ng7 21.b4 a4 22.Bh6 Ne8 23.Bxf8 Nxf8
24.Nd1 Rd8 25.Ne3 f6 26.Bxb5 cxb5 27.c6 Ba8 28.c7 Qxc7 29.Qxc7 Nxc7 30.Rxc7 h5
31.Nh4 Bxe4 32.Ng4 hxg4 33.Rxe4 Rd1+ 34.Kh2 gxh3 35.Nxg6 hxg2 36.Ne7+ Kf7
37.Nc6+ Ke6 38.Kxg2 Rb6 39.Na5 Ng6 40.Nb7 Kf5 41.Nc5 Nf4+ 42.Kf3 Rh1 43.Rg7 Rd6
44.Re3 Rh3+ 45.Rg3 Rd1 46.Rxh3 Nxh3 47.Ke2 Rh1 48.Ne4 Nf4+ 49.Kf3 Rh3+ 50.Ng3+ Kg6
51.Rc3 Ne6 52.Ke4 Rh2 53.Kd5 Nd4 54.Ne4 Kf5 55.Rc8 Kf4 56.Nxf6 Rxf2 57.Rf8 Ra2
58.Nd7+ Ke3 59.Nxe5 Rxa3 60.Ng4+ Kd3 61.Ne5+ Ke3 62.Ng4+  1/2-1/2

[Event "ch-LTU"]
[Site "Vilnius LTU"]
[Date "2000.04.02"]
[Round "9"]
[White "Butnorius,A"]
[Black "Labuckas,A"]
[Result "1/2-1/2"]
[WhiteElo "2434"]
[BlackElo "2307"]

1.d4 Nf6 2.Nf3 g6 3.c4 Bg7 4.Nc3 O-O 5.e4 d6 6.Be2 Nbd7 7.O-O e5 8.Re1 c6
9.Bf1 Qb6 10.d5 Nc5 11.Rb1 Ng4 12.Be3 Nxe3 13.Rxe3 cxd5 14.Nxd5 Qd8 15.b4 Ne6
16.Rd3 f5 17.Nc3 Nd4 18.Nxd4 exd4 19.Rxd4 Bxd4 20.Qxd4 Qf6 21.Rd1 Qxd4 22.Rxd4 fxe4
23.Nxe4 a5 24.b5 Bf5 25.Nxd6 b6 26.Nxf5 Rxf5 27.Bd3 Rc5 28.Be4 Rac8 29.g3 Kf8
30.Bd5 R5c7 31.h4 Re7 32.Kf1 Kg7 33.Bc6 Rf8 34.Rd3 Ref7 35.f4 Re7 36.Kf2 Rf6
37.Bf3 Rfe6 38.h5 Re1 39.hxg6 hxg6 40.Rc3 Rb1 41.Bc6 Rb2+ 42.Kf3 Rxa2 43.c5 bxc5
44.Rxc5 Rb2 45.Rc4 Ra7 46.Ke4 a4 47.b6 Rxb6 48.Bxa4 Rd6  1/2-1/2

[Event "73rd City-ch"]
[Site "St Petersburg RUS"]
[Date "2000.04.04"]
[Round "2"]
[White "Ionov,S"]
[Black "Alekseev,E"]
[Result "1/2-1/2"]
[WhiteElo "2558"]
[BlackElo "2475"]

1.d4 Nf6 2.c4 g6 3.Nc3 Bg7 4.e4 d6 5.Nf3 O-O 6.Be2 e5 7.O-O Nbd7 8.Re1 c6
9.Bf1 Qb6 10.d5 Nc5 11.h3 a5 12.Be3 cxd5 13.cxd5 Bd7 14.Rb1 a4 15.Nd2 Qb4
16.Qf3 Rfc8 17.Nc4 Ne8 18.Bd2 f5 19.Nd1 fxe4 20.Qg3 Qb5 21.Nxd6 Qb6 22.Nxc8 Rxc8
23.Bc3 Nd6 24.Ne3 Nd3 25.Bxd3 exd3 26.Bxe5 d2 27.Red1 Ne4 28.Qf4 Nxf2 29.Bxg7 Nxd1
30.Bd4 Nxe3 31.Bxb6 Rc1+ 32.Kh2 Rxb1 33.Qb8+ Kf7 34.Qf4+ Kg8 35.Qb8+ Kf7
36.Qf4+ Kg8  1/2-1/2

[Event "Chalapathi GM"]
[Site "Guntur, AP IND"]
[Date "2000.04.09"]
[Round "7"]
[White "Prakash,G"]
[Black "Saravanan,V"]
[Result "1/2-1/2"]
[WhiteElo "2435"]
[BlackElo "2412"]

1.d4 Nf6 2.c4 g6 3.Nc3 Bg7 4.Nf3 O-O 5.e4 d6 6.Be2 e5 7.O-O Nbd7 8.Be3 Re8
9.Qc2 Ng4 10.Bg5 f6 11.Bd2 exd4 12.Nxd4 f5 13.Nb3 Ndf6 14.h3 Ne5 15.Bg5 h6
16.Bxf6 Qxf6 17.f4 Nc6 18.Nd5 Qf7 19.exf5 Nd4 20.Nxd4 Bxd4+ 21.Kh1 Bxf5 22.Qd2 Bg7
23.Ne3 Be4 24.f5 gxf5 25.Rf2 Qf6 26.Bh5 Re5 27.Bf3 Bxf3 28.Rxf3 Rae8 29.Qf2 Qe6
30.Nxf5 Re1+ 31.Rxe1 Qxe1+ 32.Kh2 Qxf2 33.Rxf2 Re4 34.Nxg7 Kxg7 35.b3 a5
36.Rf5  1/2-1/2

[Event "Chalapathi GM"]
[Site "Guntur, AP IND"]
[Date "2000.04.13"]
[Round "11"]
[White "Shariyazdanov,A"]
[Black "Thipsay,P"]
[Result "1-0"]
[WhiteElo "2612"]
[BlackElo "2475"]

1.d4 Nf6 2.c4 g6 3.Nc3 Bg7 4.e4 d6 5.Be2 O-O 6.Nf3 e5 7.O-O Nbd7 8.Re1 c6
9.Bf1 Re8 10.d5 c5 11.a3 Re7 12.Rb1 Ne8 13.Qc2 Nf8 14.b4 b6 15.bxc5 bxc5
16.Bd3 Bg4 17.Nd2 Bh6 18.Rb3 Bd7 19.Nf1 Bxc1 20.Rxc1 h5 21.Rcb1 h4 22.Ne3 Bc8
23.h3 Nd7 24.Be2 Ndf6 25.R3b2 Rc7 26.Bd1 Qe7 27.Qa4 Rb7 28.Rxb7 Bxb7 29.Qa5 Bc8
30.Ba4 a6 31.Bc6 Ra7 32.Rb8 Rc7 33.Na4 Kg7 34.Nb6 Bb7 35.Qa4  1-0

[Event "19th Open"]
[Site "Reykjavik ISL"]
[Date "2000.04.13"]
[Round "9"]
[White "Hillarp Persson,T"]
[Black "Arizmendi Martinez,J"]
[Result "0-1"]
[WhiteElo "2548"]
[BlackElo "2445"]

1.d4 Nf6 2.c4 g6 3.Nc3 Bg7 4.e4 d6 5.Be2 O-O 6.Nf3 Na6 7.O-O e5 8.Bg5 Qe8
9.Re1 h6 10.Bxf6 Bxf6 11.c5 dxc5 12.Bxa6 cxd4 13.Nd5 Bd8 14.Bf1 a5 15.Qb3 c6
16.Rac1 a4 17.Qa3 cxd5 18.exd5 Bf6 19.Nxd4 Ra5 20.Nb5 Rxb5 21.Rxc8 Qxc8 22.Bxb5 Qd8
23.Rd1 Qa5 24.Qxa4 Qxa4 25.Bxa4 Ra8 26.Bb3 Bd8 27.d6 Bb6 28.d7 Rd8 29.Rd6 Bd4
30.Rxg6+ Kf8 31.Rd6 Ke7 32.Rxh6 Rxd7 33.g4 Kf8 34.g5 Bxb2 35.Rh7 Re7 36.h4 Bc1
37.f3 Be3+ 38.Kg2 b5 39.Kh3 b4 40.Kg4 f5+ 41.Kxf5 Rxh7 42.Kg4 Rd7  0-1

[Event "ch-URU"]
[Site "Montevideo URU"]
[Date "2000.04.15"]
[Round "1"]
[White "Prado,R"]
[Black "Guerrero,Alv"]
[Result "1-0"]
[WhiteElo "2160"]
[BlackElo "2173"]

1.d4 Nf6 2.c4 g6 3.Nc3 Bg7 4.e4 O-O 5.Be2 d6 6.Nf3 e5 7.dxe5 dxe5 8.Qxd8 Rxd8
9.Bg5 Re8 10.O-O-O Na6 11.h3 h6 12.Be3 b6 13.Bd3 Nh5 14.c5 Nxc5 15.Bxc5 bxc5
16.Nd5 Rb8 17.Nxc7 Rd8 18.Ba6 Bd7 19.Bc4 Nf4 20.Na6 Rbc8 21.g3 Ne6 22.Kb1 Nd4
23.Nxd4 exd4 24.Rd3 Bc6 25.f3 Ba8 26.Rc1 Be5 27.b3 Kg7 28.Bb5 Bxg3 29.Rxc5 Rxc5
30.Nxc5 Bf2 31.Rd1 Kf6 32.Nd3 Be3 33.Bc4 Bb7 34.Re1 Bc8 35.Rh1 Be6 36.Bxe6 fxe6
37.Rh2 Rc8 38.Rc2  1-0

[Event "XVIII Open"]
[Site "Metz FRA"]
[Date "2000.04.16"]
[Round "2"]
[White "Vaillant,S"]
[Black "Degraeve,JM"]
[Result "0-1"]
[WhiteElo "2114"]
[BlackElo "2498"]

1.d4 Nf6 2.Nf3 g6 3.c4 Bg7 4.Nc3 O-O 5.e4 d6 6.Be2 e5 7.d5 a5 8.Bg5 h6 9.Bh4 Na6
10.Nd2 Qe8 11.O-O Nh7 12.a3 Bd7 13.b3 h5 14.f3 Bh6 15.Kh1 Be3 16.Rb1 Bc5
17.Qc1 c6 18.Bf2 Bxf2 19.Rxf2 c5 20.Na2 Qd8 21.Rf1 f5 22.exf5 Bxf5 23.Ne4 Bxe4
24.fxe4 Rxf1+ 25.Bxf1 Kg7 26.Qe1 Nf6 27.Nc3 Nc7 28.Be2 Qe7 29.Qd2 Nh7 30.Rf1 Ne8
31.Kg1 Nef6 32.Qe3 Nd7 33.Qg3 h4 34.Qe3 Qg5 35.Qxg5 Nxg5 36.a4 Nf6 37.Bf3 h3
38.gxh3 Rh8 39.Kg2 Rh4 40.Re1 Nxf3  0-1

[Event "Millennium Masters"]
[Site "Oakham ENG"]
[Date "2000.04.16"]
[Round "6"]
[White "Hummel,P"]
[Black "McNab,C"]
[Result "1-0"]
[WhiteElo "2347"]
[BlackElo "2424"]

1.d4 d6 2.Nf3 g6 3.c4 Nd7 4.e4 e5 5.Nc3 Bg7 6.Be2 Ngf6 7.O-O O-O 8.Be3 Re8
9.d5 Ng4 10.Bd2 f5 11.Ne1 Ngf6 12.f3 f4 13.g4 h5 14.g5 Nh7 15.h4 Nxg5 16.hxg5 Qxg5+
17.Ng2 h4 18.Kh1 Nf6 19.Rg1 Nh5 20.Ne1 Ng3+ 21.Kh2 Qe7 22.Nd3 g5 23.Nf2 c5
24.Bf1 Nxf1+ 25.Qxf1 Kf7 26.Rb1 Rg8 27.a3 Bf8 28.b4 b6 29.Na2 Qc7 30.Qd3 Be7
31.Ng4 Rg6 32.bxc5 Qxc5 33.Bb4 Qc7 34.Rgc1 Bd7 35.Be1 Rc8 36.Bf2 Qd8 37.Qb3 Qe8
38.Nc3 Qh8 39.Rg1 Rgg8 40.Nb5 Ra8 41.Qb4 Rg6 42.a4 Qc8 43.Na3 Bd8 44.a5 bxa5
45.Qb7 Kg8 46.c5 Bxg4 47.Rxg4 dxc5 48.Nc4 Qxb7 49.Rxb7 a4 50.Nxe5 Rb6 51.Rxb6 axb6
52.Nc6 a3 53.Rg1 a2 54.Ra1 Ra3 55.Nxd8 Rxf3 56.Rxa2 g4 57.Bxh4 Rh3+ 58.Kg2 f3+
59.Kg1 Rxh4 60.Ne6 g3 61.Ra8+ Kf7 62.e5 f2+ 63.Kg2 Rh1 64.Rf8+ Ke7 65.Kxh1  1-0

[Event "ch-FAI"]
[Site "Oyrabakki FAI"]
[Date "2000.04.17"]
[Round "4"]
[White "Rodgaard,J"]
[Black "Thomsen,T"]
[Result "1/2-1/2"]
[WhiteElo "2362"]
[BlackElo "2169"]

1.c4 Nf6 2.Nf3 g6 3.Nc3 Bg7 4.e4 d6 5.d4 O-O 6.Be2 e5 7.O-O exd4 8.Nxd4 Re8
9.f3 Nc6 10.Be3 Nh5 11.Qd2 Nf4 12.Rfd1 Nxd4 13.Bxd4 Nxe2+ 14.Qxe2 Bxd4+ 15.Rxd4 Qf6
16.Qd2 Be6 17.Rc1 Rac8 18.Nd5 Qe5 19.Nf4 b6 20.b3 a5 21.Re1 Rcd8 22.Nd5 Rd7
23.Rd3 Bxd5 24.cxd5 Qg7 25.Rc1 Ree7 26.Qc3 Qxc3 27.Rdxc3 f6 28.Kf2 Kf8 29.h4 h6
30.Kg3 Kg7 31.Rc4 Rf7 32.Kg4 h5+ 33.Kf4 Rde7 34.g4 Kh6 35.Kg3 Rg7 36.R1c2 Rgf7
37.Rg2 Rd7 38.Rc1 Rde7 39.gxh5 Kxh5 40.Kf4 Rg7 41.Rcg1 Kh6 42.Rg4 Kh5 43.R4g2 Kh6
44.Rc1 Re5 45.a4 Ree7 46.Ke3 f5 47.Rcg1 fxe4 48.fxe4 Ref7 49.Rg5 Rf6 50.h5 Re7
51.Rxg6+ Rxg6 52.Rxg6+ Kxh5 53.Rg1 Kh6 54.Kd4 Kh7 55.Rg3 Rg7 56.Rf3 Kg8 57.Kc4 Re7
58.Rf4 Rf7 59.Rh4 Kf8 60.Kb5 Rf3 61.Kc6 Rc3+ 62.Kd7 Kf7 63.Rf4+ Kg7 64.Rf5 Kg8
65.e5 dxe5 66.Rxe5 Kf7 67.Rf5+ Kg6 68.Rf4 Rc5 69.Rc4 Rxd5+ 70.Kxc7 b5 71.Rc6+ Kf7
72.Ra6 bxa4 73.bxa4 Ke7 74.Kc6 Rh5 75.Kb6 Kd8 76.Ra8+ Kd7 77.Rxa5 Rxa5 78.Kxa5 Kc8
79.Kb6 Kb8 80.a5 Ka8 81.a6 Kb8 82.a7+ Ka8 83.Ka6  1/2-1/2

[Event "XXXI Open"]
[Site "Mar del Plata ARG"]
[Date "2000.04.19"]
[Round "5"]
[White "Quiroga,F"]
[Black "Fiorito,F"]
[Result "0-1"]
[WhiteElo "2363"]
[BlackElo "2459"]

1.d4 Nf6 2.c4 d6 3.Nf3 Nbd7 4.Nc3 g6 5.e4 e5 6.Be2 Bg7 7.O-O O-O 8.Re1 c6
9.Bf1 Re8 10.d5 c5 11.Bg5 h6 12.Bh4 g5 13.Bg3 Nh5 14.Nd2 Nf4 15.f3 Nf6 16.Bf2 h5
17.Be3 Bh6 18.g3 Nh3+ 19.Kh1 Kh7 20.Bd3 Rg8 21.Nf1 Rg6 22.Ne2 Qg8 23.Ng1 Qg7
24.Rc1 Kh8 25.Rc2 Nf4 26.Bc1 Nxd3 27.Qxd3 Qh7 28.Rf2 Bd7 29.Ne2 Re8 30.Nc3 a6
31.a4 Rg7 32.Kg2 Bc8 33.h3 Qg6 34.g4 Rh7 35.Ng3 Rg8 36.Nf5 Bf8 37.a5 Bxf5
38.exf5 Qh6 39.Ne4 Nxe4 40.Rxe4 Qf6 41.b4 cxb4 42.Bd2 Qd8 43.Bxb4 f6 44.Rc2 hxg4
45.fxg4 b6 46.Qa3 Rb7 47.Be1 Be7 48.Rb2 Qc7 49.axb6 Rxb6 50.Rxb6 Qxb6 51.Bf2 Qb7
52.Re2 Rb8 53.Re1 Rc8 54.Qa4 Kg7 55.Re3 a5 56.Be1 Kf7 57.Bf2 Kf8  0-1

[Event "ch-FAI"]
[Site "Oyrabakki FAI"]
[Date "2000.04.19"]
[Round "6"]
[White "Rodgaard,J"]
[Black "Brekka,M"]
[Result "1-0"]
[WhiteElo "2362"]
[BlackElo "2155"]

1.c4 Nf6 2.Nf3 g6 3.Nc3 Bg7 4.e4 d6 5.d4 O-O 6.Be2 Nbd7 7.O-O e5 8.Qc2 c6
9.Rd1 Qe7 10.Rb1 Nh5 11.Bg5 Ndf6 12.c5 exd4 13.cxd6 Qe6 14.Rxd4 h6 15.Bxf6 Nxf6
16.Re1 Bd7 17.Bc4 Qe8 18.e5 Nh7 19.h3 b6 20.Rdd1 Rd8 21.Qe2 Be6 22.b4 Ng5
23.Nxg5 hxg5 24.b5 Bxc4 25.Qxc4 cxb5 26.Nxb5 Qd7 27.Nc7 Rc8 28.e6 fxe6 29.Qxe6+ Qxe6
30.Nxe6  1-0

[Event "12th Open Semifinal"]
[Site "Lenk SUI"]
[Date "2000.04.23"]
[Round "6"]
[White "Tukmakov,V"]
[Black "Vogt,L"]
[Result "1/2-1/2"]
[WhiteElo "2574"]
[BlackElo "2466"]

1.Nf3 g6 2.c4 Bg7 3.d4 Nf6 4.Nc3 O-O 5.e4 d6 6.Be2 e5 7.O-O Nbd7 8.Re1 c6
9.Bf1 exd4 10.Nxd4 Re8 11.Bf4 Nc5 12.Qc2 Ng4 13.Qd2 a5 14.Rad1 a4 15.h3 Ne5
16.Be3 Qa5 17.f4 Ned7 18.Bf2 Nf6 19.Qc2 Bd7 20.g3 Rad8 21.Bg2 Qb4 22.b3 axb3
23.axb3 Ra8 24.Re3 Ra6 25.Qe2 Qa5  1/2-1/2

[Event "XXXI Open"]
[Site "Mar del Plata ARG"]
[Date "2000.04.23"]
[Round "9"]
[White "Peralta,F"]
[Black "Fiorito,F"]
[Result "1-0"]
[WhiteElo "2405"]
[BlackElo "2459"]

1.Nf3 Nf6 2.c4 d6 3.d4 g6 4.Nc3 Nbd7 5.e4 e5 6.Be2 Bg7 7.O-O O-O 8.Bg5 h6
9.Bh4 c6 10.d5 c5 11.Nd2 a6 12.Rb1 Qc7 13.a3 Nh7 14.f3 f5 15.b4 Ng5 16.Bf2 b6
17.h4 Nh7 18.h5 f4 19.hxg6 Ng5 20.Kh2 Rf6 21.Rh1 Rxg6 22.Kg1 Bf8 23.Kf1 Ra7
24.Qa4 Qd8 25.bxc5 bxc5 26.Bd3 Nh7 27.Rh2 Be7 28.Nb3 Rb7 29.Na5 Rxb1+ 30.Bxb1 Bf8
31.Be1 Nhf6 32.Bc2 Rg5 33.Nc6 Qb6 34.Nd1 Nb8 35.Qa5 Nbd7 36.Qxb6 Nxb6 37.Bb3 Nh5
38.Ba5 Ng3+ 39.Ke1 Nd7 40.Na7 Bb7 41.Ba4 Nf6 42.Bd8 Rg6 43.Bc6 Nfh5 44.Be8 Kg7
45.Bxg6 Kxg6 46.Nb2 Ng7 47.Nd1 N3h5 48.Nf2 Ng3 49.Bh4 N3h5 50.Rh1 a5 51.Kd2 Ba6
52.Kd3 Ng3 53.Rb1 N7f5 54.exf5+ Nxf5 55.Bd8 Ne3 56.Nb5 Kf7 57.g4 Ke8 58.Bxa5 Ke7  1-0

[Event "3rd Open"]
[Site "Tanta City EGY"]
[Date "2000.05.03"]
[Round "1"]
[White "Halkias,S"]
[Black "Dochev,D"]
[Result "1-0"]
[WhiteElo "2482"]
[BlackElo "2324"]

1.d4 Nf6 2.c4 g6 3.Nc3 Bg7 4.e4 d6 5.Nf3 O-O 6.Be2 e5 7.Be3 c6 8.d5 Ng4 9.Bg5 f6
10.Bh4 Na6 11.Nd2 Nh6 12.O-O Nf7 13.Rb1 h5 14.f3 Bh6 15.Bf2 f5 16.dxc6 bxc6
17.b4 Qg5 18.Rb2 Nc7 19.Nb3 Ne6 20.Kh1 Nf4 21.Rg1 fxe4 22.Nxe4 Qe7 23.Na5 Qc7
24.Qa4 Bb7 25.c5 d5 26.Nd6 Nxe2 27.Rxe2 Ba6 28.Ree1  1-0

[Event "3rd Open"]
[Site "Tanta City EGY"]
[Date "2000.05.05"]
[Round "3"]
[White "El Arousy,A"]
[Black "Navrotescu,C"]
[Result "1/2-1/2"]
[WhiteElo "2319"]
[BlackElo "2439"]

1.d4 Nf6 2.Nf3 g6 3.c4 d6 4.Nc3 Bg7 5.e4 O-O 6.Be2 c6 7.O-O e5 8.d5 Na6 9.Rb1 Nc5
10.Qc2 Nfxe4 11.Nxe4 Nxe4 12.dxc6 bxc6 13.Qxe4 Bf5 14.Qxc6 Bxb1 15.Bg5 f6
16.Bxf6 Qxf6 17.Rxb1 Rac8 18.Qd5+ Kh8 19.b4 Qf7 20.Qxf7 Rxf7 21.Ng5 Rf4 22.Ne6 Rfxc4
23.Bxc4 Rxc4 24.Kf1 Bf6 25.b5 Kg8 26.b6 axb6 27.Rxb6 d5 28.Nc7 Rxc7 29.Rxf6 Rc1+
30.Ke2 Rc2+ 31.Kf3 Rxa2 32.Rd6 Ra5 33.Rd7 h6 34.h4 Kf8 35.Kg4 Ke8 36.Rd6 Kf7
37.h5 gxh5+ 38.Kf5 d4 39.Rxh6 Rd5 40.Rh7+ Kg8 41.Ra7 d3 42.Ra1 d2 43.Rd1 Kf7
44.Ke4 Ke6 45.Ke3 Kf5  1/2-1/2

[Event "Open"]
[Site "Dubai UAE"]
[Date "2000.05.06"]
[Round "8"]
[White "Alibaev,A"]
[Black "Hamed,Ah"]
[Result "1-0"]
[WhiteElo "2220"]
[BlackElo "2344"]

1.c4 Nf6 2.Nc3 g6 3.e4 d6 4.d4 Bg7 5.Be2 O-O 6.Nf3 e5 7.Be3 exd4 8.Nxd4 Re8
9.f3 Nc6 10.O-O Nh5 11.Qd2 f5 12.Nc2 Be6 13.Nd5 Qd7 14.Bg5 Ne5 15.Nd4 Nf7
16.Nxe6 Rxe6 17.Bd3 Nxg5 18.exf5 Qd8 19.fxe6 Nxe6 20.g3 c6 21.Nc3 Qf8 22.f4 Nd4
23.Rae1 Rd8 24.Kg2 d5 25.cxd5 cxd5 26.Qe3 Qb4 27.Qe7 Qxb2+ 28.Rf2 Qb6 29.Rb1 Qd6
30.Qxd6 Rxd6 31.Rxb7 Nf5 32.Re2 Bf8 33.Rxa7  1-0